000 00346nam a2200157Ia 4500
003 OSt
005 20240113112136.0
008 170524s9999 xx 000 0 und d
020 _a9788131808559
040 _cIIMT UNIVERSITY
100 _aBansal R K
245 0 _aEngineering Mechanices
260 _bLaxmi
260 _c2010
942 _2ddc
_c02
999 _c5697
_d5697